[Event "Bergamo op 18th"]
[Site "Bergamo"]
[Date "2019.07.12"]
[Round "1"]
[White "Vich Ramirez, Carles"]
[Black "Kovacevic, Blazimir"]
[Result "1/2-1/2"]
[WhiteElo "2093"]
[BlackElo "2474"]
[PlyCount "124"]
[EventDate "2019.07.12"]
[EventType "swiss"]
[EventRounds "6"]
[EventCountry "ITA"]
[SourceTitle "CBM 191 Extra"]
[Source "ChessBase"]
[SourceDate "2019.09.30"]
[SourceVersion "1"]
[SourceVersionDate "2019.09.30"]
[SourceQuality "1"]

1. e4 e6 2. d3 c5 3. g3 Nc6 4. Bg2 g6 5. c3 Bg7 6. Nf3 Nge7 7. 0-0 0-0 8. Be3 b6 9. d4 cxd4 10. Nxd4 Bb7 11. Na3 Nxd4 12. Bxd4 e5 13. Be3 d5 14. exd5 Bxd5 15. Bxd5 Qxd5 16. Qxd5 Nxd5 17. Nc2 Rfd8 18. Rad1 Rac8 19. Bc1 b5 20. Ne3 Nb6 21. Rxd8+ Rxd8 22. Rd1 Rxd1+ 23. Nxd1 a6 24. Kf1 f5 25. Ke2 Kf7 26. f3 Ke6 27. Nf2 Bf8 28. Nd3 h5 29. Bg5 Bd6 30. Bd8 Nd5 31. Bg5 Nb6 32. Bd8 Nd7 33. Bg5 Kd5 34. Ne1 Nc5 35. Ng2 Na4 36. Bc1 Be7 37. Ne1 Bc5 38. Ng2 Ke6 39. Ne1 Kf6 40. Nd3 Bd6 41. Nf2 g5 42. g4 hxg4 43. fxg4 e4 44. gxf5 Kxf5 45. Bxg5 Bxh2 46. Bc1 Bg1 47. Nd1 Ke5 48. Be3 Bxe3 49. Kxe3 Nb6 50. b3 Nd5+ 51. Ke2 Kf4 52. c4 bxc4 53. bxc4 Nb6 54. c5 Nd5 55. c6 Ke5 56. Ne3 Nc7 57. Nc2 a5 58. Kd2 Ne6 59. Na3 Kd5 60. Ke3 Nc7 61. Nb1 Kxc6 62. Kxe4 Kc5 1/2-1/2

[Event "Mallorca-chT Preferente"]
[Site "Mallorca"]
[Date "2016.03.06"]
[Round "3.3"]
[White "Vich Ramirez, Carles"]
[Black "Pons Morro, Pedro"]
[Result "1/2-1/2"]
[WhiteElo "2116"]
[BlackElo "2145"]
[PlyCount "85"]
[EventDate "2016.03.01"]
[EventType "team-tourn"]
[EventRounds "9"]
[EventCountry "ESP"]
[SourceTitle "EXT 2024"]
[Source "ChessBase"]
[SourceDate "2023.10.10"]
[SourceVersion "1"]
[SourceVersionDate "2023.10.10"]
[SourceQuality "1"]
[WhiteTeam "La Balanguera"]
[BlackTeam "Tropic"]
[WhiteTeamCountry "ESP"]
[BlackTeamCountry "ESP"]

1. Nf3 Nf6 2. d3 g6 3. g3 Bg7 4. Bg2 0-0 5. 0-0 c5 6. c3 Nc6 7. Nbd2 d6 8. e4 Bg4 9. h3 Bd7 10. Nh4 b5 11. f4 Rb8 12. g4 b4 13. Ndf3 bxc3 14. bxc3 Qa5 15. Qc2 Nxg4 16. hxg4 Qxc3 17. Qxc3 Bxc3 18. Be3 Bxa1 19. Rxa1 Bxg4 20. e5 Nb4 21. Ne1 Be2 22. Be4 Rfc8 23. Kf2 Bg4 24. a3 Na6 25. exd6 exd6 26. f5 Nc7 27. Kg3 Be2 28. Ra2 Bd1 29. Bf4 Rd8 30. Bg5 Re8 31. Bf4 Rb6 32. Ra1 Bb3 33. Bg2 Bd5 34. Nhf3 Bb7 35. a4 Nd5 36. a5 Rb3 37. Bxd6 Rxd3 38. fxg6 hxg6 39. Bxc5 a6 40. Rb1 Bc8 41. Bf1 Rc3 42. Bd4 Ra3 43. Ra1 1/2-1/2

[Event "Palma de Mallorca op U2200"]
[Site "Palma de Mallorca"]
[Date "2013.01.17"]
[Round "6"]
[White "Vich Ramirez, Carles"]
[Black "Cerdo Fernandez, Miguel"]
[Result "0-1"]
[WhiteElo "2126"]
[BlackElo "1946"]
[PlyCount "86"]
[EventDate "2013.01.12"]
[EventType "swiss"]
[EventRounds "9"]
[EventCountry "ESP"]
[SourceTitle "EXT 2014"]
[Source "ChessBase"]
[SourceDate "2013.11.20"]
[SourceVersion "1"]
[SourceVersionDate "2013.11.20"]
[SourceQuality "1"]

1. e4 Nf6 2. d3 e5 3. g3 Bc5 4. Bg2 0-0 5. Nf3 Nc6 6. 0-0 d5 7. Nbd2 Be6 8. c3 a5 9. h3 Qd7 10. Ng5 Rad8 11. Nxe6 fxe6 12. Qe2 Rf7 13. Nf3 dxe4 14. dxe4 Qd3 15. Qxd3 Rxd3 16. Ne1 Rxg3 17. Kh2 Rg6 18. Nd3 Bd6 19. Bf3 Rf8 20. Be3 Nd7 21. Bh5 Rgf6 22. Bg5 Rf4 23. Bxf4 exf4 24. Bg4 Kf7 25. Bf3 g5 26. Bd1 Nde5 27. Nxe5+ Nxe5 28. a3 f3 29. b4 axb4 30. axb4 Kg6 31. Bc2 Rf4 32. Rad1 Rh4 33. Rxd6 cxd6 34. Rd1 Kf6 35. Rxd6 Ng4+ 36. Kg3 Ne5 37. Bb3 Rxe4 38. Rxe6+ Kg7 39. Bd5 Re1 40. Bxb7 Rg1+ 41. Kh2 Rg2+ 42. Kh1 Nd3 43. Bxf3 Rxf2 0-1

[Event "Mallorca-chT Preferente"]
[Site "Palma de Mallorca"]
[Date "2012.03.10"]
[Round "6.5"]
[White "Vich Ramirez, Carles"]
[Black "Abadia Pascual, Luis"]
[Result "1-0"]
[WhiteElo "2104"]
[BlackElo "1935"]
[PlyCount "59"]
[EventDate "2012.01.28"]
[EventType "team"]
[EventRounds "9"]
[EventCountry "ESP"]
[SourceTitle "EXT 2014"]
[Source "ChessBase"]
[SourceDate "2013.11.20"]
[SourceVersion "1"]
[SourceVersionDate "2013.11.20"]
[SourceQuality "1"]
[WhiteTeam "La Balanguera"]
[BlackTeam "Mate en Dos"]
[WhiteTeamCountry "ESP"]
[BlackTeamCountry "ESP"]

1. e4 e6 2. d3 c5 3. Nf3 Nc6 4. Nbd2 d5 5. g3 Nf6 6. Bg2 b6 7. 0-0 Be7 8. Re1 0-0 9. e5 Nd7 10. Nf1 Qc7 11. Bf4 Ba6 12. h4 Rac8 13. N1h2 c4 14. d4 c3 15. b3 Ba3 16. Ng5 Nb4 17. Bf1 Bxf1 18. Nxf1 Bb2 19. Rb1 h6 20. Nh3 Nxa2 21. Ne3 Nb4 22. g4 Qc6 23. g5 h5 24. Qxh5 Nd3 25. Ng4 Nxe1 26. Nf6+ Nxf6 27. gxf6 Nf3+ 28. Qxf3 g6 29. Bh6 Ba3 30. Bg7 1-0